Cities at Night - Satellite view #3 - Statistics

General Stats
  • This quiz has been taken 9 times
  • The average score is 6 of 16
Answer Stats
Picture Answer % Correct
Phoenix
83%
Honolulu
67%
New Orleans
67%
Toronto
67%
Abu Dhabi
50%
San Diego/Tijuana
50%
Melbourne
33%
Monaco
33%
Washington D.C.
33%
Athens
17%
Auckland
17%
Charleston
17%
Las Vegas
17%
Budapest
0%
Doha
0%
Geneva
0%
No matching quizzes found
Score Distribution
Percent of People with Each Score
Percentile by Number Answered
Your Score History
You have not taken this quiz